000 00566nam a2200229Ia 4500
003 OSt
005 20220924142132.0
006 a|||||r|||| 00| 0
007 ta
008 220923b |||||||| |||| 00| 0 ben d
024 _a300494
037 _cTextual
040 _aARTS
_cARTS
_bben
041 _2ben
_aben
082 _aR66x3,1:g, 157M3
100 _aChattopadhyay
_9176213
245 0 _aGayatri rahaswa
260 _c1983
650 _aPHILOSOPHY
942 _hR66x3,1:g, 157M3
_cTEXL
_2CC
999 _c449382
_d449382